000 00513nam a2200169 4500
001 126712
003 ES-MaACL
005 20230906192851.0
007 t|
008 070214s1906 fr r ||||1| fre d
100 1 _aReville, Albert.
_996442
245 1 0 _aJesus de Nazareth
_b: etudes critiques sur les antecedents de l'histoire evangelique et la vie de Jesus /
_cAlbert Reville.
250 _a2ยช. ed.
260 _aDijon :
_bDarantiere,
_c1906.
300 _a2 v. ;
_c19 cm.
852 _aES-MaACL
_jD-5079-80
999 _c126712
_d126712